| 000 | 00469cam a2200181ua 4500 | ||
|---|---|---|---|
| 020 | _c14.00 | ||
| 041 |
_aeng _h |
||
| 082 |
_a331.89 _bRAO/CO |
||
| 100 | _aRao, Raman A.V . | ||
| 245 |
_aCollective bargaining versus Government regulation / _cRaman Rao A.V. _hTextual Documents |
||
| 260 |
_aMumbai : _bAllied Publishers Pvt Ltd , _c1964. |
||
| 300 | _a198 ; . | ||
| 365 | _a14.00 | ||
| 500 | _aAnnex | ||
| 504 | _a | ||
| 942 | _cBK | ||
| 999 |
_c11141 _d11141 |
||